[Event "AUTO-ADV-4911"]
[Site "http://www.queenalice.com/game.php?id=1867641"]
[Date "2026.1.7"]
[Round "1"]
[White "Carlos19"]
[Black "Tonto"]
[Result "1-0"]
[WhiteElo "1735"]
[BlackElo "1982"]

1. e4 e5 2. Nf3 Nc6 3. Bc4 d6 4. d3 Be7 5. O-O Nf6 6. Ng5 O-O 7. Nc3 Bg4 8. f3
Bh5 9. g4 Bg6 10. h4 h6 11. Nh3 Nd4 12. f4 h5 13. g5 Ng4 14. Nd5 b5 15. Bb3 c6
16. Nxe7+ Qxe7 17. f5 Bh7 18. Nf2 a5 19. a4 Nxb3 20. cxb3 b4 21. Nxg4 hxg4 22.
Qxg4 g6 23. f6 Qa7+ 24. Kg2 Qd4 25. Rf3 d5 26. Kg3 Rad8 27. exd5 Qxg4+ 28. Kxg4
Rxd5 29. Be3 Rxd3 30. Bc5 Rxf3 31. Kxf3 Rd8 32. Ke4 Rd2 33. Rb1 Rd5 34. Bb6 Kf8
35. Rc1 Ke8 36. Rxc6 Rd2 37. Bxa5 Rd4+ 38. Kxe5 Rxh4 39. Rb6 Rg4 40. Kd6 Rd4+
41. Kc5 Rg4 42. Rb8+ Kd7 43. Rh8 Rxg5+ 44. Kxb4 Rh5 45. Bb6 g5 46. a5 Kc6 47.
Rc8+ Kd7 48. Rh8 g4 49. a6 g3 50. a7 Rh4+ 51. Ka3 1-0

[Event "AUTO-OPEN-4633"]
[Site "http://www.queenalice.com/game.php?id=1867796"]
[Date "2026.1.9"]
[Round "1"]
[White "Tonto"]
[Black "josebaron"]
[Result "0-1"]
[WhiteElo "2042"]
[BlackElo "2200"]

1. e4 e5 2. Nf3 Nc6 3. Be2 Bc5 4. Nc3 Nf6 5. d3 d6 6. O-O O-O 7. Bg5 h6 8. Bh4
Bg4 9. Nd5 g5 10. Nxg5 Bxe2 11. Qxe2 Nd4 12. Nxf6+ Qxf6 13. Qg4 hxg5 14. Bxg5
Qg6 15. h4 Ne6 16. h5 Qxg5 17. Qxg5+ Nxg5 18. Kh2 f5 19. Rae1 f4 20. a4 a5 21.
Re2 f3 22. gxf3 Nxf3+ 23. Kg3 Kh7 24. c3 Kh6 25. Rh1 Rf7 26. Kg2 Rg8+ 27. Kf1
Rfg7 28. Rc2 Rg2 29. Rh3 Nh2+ 30. Ke1 Ng4 31. Rf3 Kxh5 32. d4 exd4 33. Rf5+ Kg6
34. Kf1 Ne3+ 35. fxe3 Rxc2 36. cxd4 Rh8 37. dxc5 Rh1# 0-1

[Event "AUTO-OPEN-4635"]
[Site "http://www.queenalice.com/game.php?id=1868296"]
[Date "2026.1.21"]
[Round "1"]
[White "Magnaroc"]
[Black "Tonto"]
[Result "0-1"]
[WhiteElo "1889"]
[BlackElo "1956"]

1. e4 e5 2. Nf3 Nc6 3. d4 exd4 4. Nxd4 Ne5 5. Be2 Bc5 6. Nf5 Nf6 7. Nxg7+ Kf8 8.
Nf5 h5 9. Bh6+ Ke8 10. f3 d6 11. Bf4 Bxf5 12. exf5 Qe7 13. Nc3 Bb4 14. Bd2 h4
15. a3 Ba5 16. Ne4 Bxd2+ 17. Qxd2 Rd8 18. Qc3 Nd5 19. Qd4 Nf4 20. Nxd6+ Qxd6 21.
Qxd6 Rxd6 22. O-O Nxe2+ 0-1

[Event "AUTO-OPEN-4635"]
[Site "http://www.queenalice.com/game.php?id=1868297"]
[Date "2026.1.21"]
[Round "1"]
[White "Tonto"]
[Black "Magnaroc"]
[Result "1-0"]
[WhiteElo "1969"]
[BlackElo "1876"]

1. e4 e5 2. Nf3 Nc6 3. Be2 Nf6 4. d3 d5 5. exd5 Nxd5 6. c4 Nf4 7. Bxf4 exf4 8.
O-O Be7 9. Nc3 Bf5 10. Nd5 Qd6 11. Nxe7 Nxe7 12. d4 O-O 13. Qb3 b6 14. Rad1 Rfe8
15. Rfe1 Nc6 16. c5 Qg6 17. Nh4 Bc2 18. Nxg6 Bxb3 19. axb3 hxg6 20. Bf3 Rxe1+
21. Rxe1 Rd8 22. Bxc6 Rxd4 23. cxb6 1-0

[Event "AUTO-OPEN-4635"]
[Site "http://www.queenalice.com/game.php?id=1868316"]
[Date "2026.1.21"]
[Round "1"]
[White "maurice916"]
[Black "Tonto"]
[Result "0-1"]
[WhiteElo "1847"]
[BlackElo "1980"]

1. Nf3 d6 2. d4 Nc6 3. c4 e6 4. Nc3 Nf6 5. Bg5 Be7 6. e4 h6 7. Bh4 Nxe4 8. Bxe7
Nxc3 9. Bxd8 Nxd1 10. Rxd1 Kxd8 11. a3 g5 12. d5 Na5 13. b4 Nb3 14. Rb1 exd5 15.
Rxb3 dxc4 16. Bxc4 Re8+ 17. Kd2 Bg4 18. Bxf7 Rf8 19. Bd5 c6 20. Bc4 Kc7 21. Be2
Rad8 22. Kc1 a6 23. h3 Bh5 24. Re3 b5 25. Rd1 Kb6 26. Kb2 d5 27. Rd2 g4 28. hxg4
Bxg4 29. Rc3 Bxf3 30. Bxf3 Rf6 31. Rc5 a5 32. Rdc2 Rdd6 33. Kb3 a4+ 34. Kb2 d4
35. Rd2 Rg6 36. g3 Rg5 37. Rxg5 hxg5 38. Bd1 c5 39. bxc5+ Kxc5 40. Bf3 b4 41.
Rc2+ Kb5 42. axb4 Kxb4 43. Rd2 a3+ 44. Ka2 Kc3 45. Rd1 Rf6 46. Bd5 Rxf2+ 47.
Kxa3 d3 48. Bb3 d2 49. g4 Rg2 50. Be6 Re2 51. Bb3 Re1 52. Ka2 Kd3 53. Kb2 Ke2
54. Bc2 Rxd1 55. Bxd1+ Kxd1 0-1

[Event "AUTO-OPEN-4635"]
[Site "http://www.queenalice.com/game.php?id=1868317"]
[Date "2026.1.21"]
[Round "1"]
[White "Tonto"]
[Black "maurice916"]
[Result "1-0"]
[WhiteElo "2002"]
[BlackElo "1825"]

1. e4 c6 2. d4 d5 3. e5 Bf5 4. Nf3 h5 5. c3 e6 6. Bg5 Qb6 7. b3 c5 8. Na3 cxd4
9. Nxd4 Bg6 10. Bb5+ Nd7 11. O-O Be7 12. Bxe7 Nxe7 13. c4 Rd8 14. cxd5 Nxd5 15.
Nc4 Qc7 16. Nd6+ Kf8 17. Qf3 f5 18. Nxe6+ Ke7 19. Nxc7 Nxc7 20. Bxd7 Kxd7 21.
Nxf5 Rhf8 22. e6+ Nxe6 23. Qxb7+ Nc7 24. Rad1+ Ke8 25. Qxc7 Rxd1 26. Qe7# 1-0

[Event "AUTO-OPEN-4635"]
[Site "http://www.queenalice.com/game.php?id=1868326"]
[Date "2026.1.21"]
[Round "1"]
[White "EduardoRo"]
[Black "Tonto"]
[Result "1-0"]
[WhiteElo "1098"]
[BlackElo "2032"]

1. e4 e5 2. Nf3 Nc6 3. Bc4 Be7 4. O-O Nf6 5. Ng5 O-O 6. d3 Nd4 7. c3 Nc6 8. Nd2
d5 9. exd5 Nxd5 10. Nde4 Nf4 11. Bxf4 exf4 12. Qh5 h6 13. Nf3 Be6 14. Bxe6 fxe6
15. g3 e5 16. Nxe5 fxg3 17. fxg3 Nxe5 18. Qxe5 Rxf1+ 19. Rxf1 b6 20. d4 Qd7 21.
b4 a5 22. a3 axb4 23. axb4 Re8 24. Qh5 c5 25. Qf7+ Kh8 26. Nf6 Qd8 27. Nxe8 1-0

[Event "AUTO-OPEN-4635"]
[Site "http://www.queenalice.com/game.php?id=1868327"]
[Date "2026.1.21"]
[Round "1"]
[White "Tonto"]
[Black "EduardoRo"]
[Result "1-0"]
[WhiteElo "1980"]
[BlackElo "1098"]

1. e4 e5 2. Nf3 Nc6 3. Be2 Nf6 4. d3 Bc5 5. Nc3 Ng4 6. O-O d6 7. d4 exd4 8. Nb5
O-O 9. b3 Be6 10. Bb2 Ne3 11. fxe3 dxe3 12. Nfd4 Nxd4 13. Nxd4 Qg5 14. Nf3 Qg6
15. e5 Rad8 16. exd6 Rxd6 17. Bd3 e2+ 18. Kh1 exf1=R+ 19. Qxf1 Bf5 20. Nh4 Qh5
21. Nxf5 Rd5 22. Bxg7 Re8 23. Ng3 Qg4 24. c4 Rde5 25. Bxe5 Rxe5 26. Qf6 Qg5 27.
Ne4 Qxf6 28. Nxf6+ Kg7 29. Nd7 Rg5 30. Nxc5 Rxc5 31. Re1 f5 32. Re7+ Kg6 33. g4
h5 34. gxf5+ Kg5 35. b4 Rxf5 36. Bxf5 Kxf5 37. Rxc7 a5 38. Rxb7 a4 39. b5 a3 40.
Rd7 Ke6 41. Rd5 h4 42. b6 h3 43. b7 1-0